000 00801na a2200253 4500
001 13879
003 MIRAKIL
005 20181213154933.0
008 160920b tu 000 0
020 _a9759881101
035 _a13879
040 _aMilas
_btur
_cTR-AnCHP
082 _aATA 923.156
_bT26 2004
090 _aATA 923.156 T26 2004
245 _aTarihi gerçekler ışığında belgelerle
_bMustafa Kemal Atatürk
_chazırlayanlar Yusuf Koç, Ali Koç
246 _aMustafa Kemal Atatürk
260 _aAnkara
_bKamu Birlik Hareketi Eğitim Yayınları
_c2004
300 _a328 s.
_bres.
_c23 sm.
504 _aKaynakça var.
600 _aAtatürk, Mustafa Kemal
_d1881-1938
_xSiyasal ve sosyal görüşler
_yTarih
700 _aKoç, Yusuf
700 _aKoç, Ali
942 _2ddc
_cBKS
999 _c3488
_d3488